Normal view
MARC view
- Chemistry
Entry Topical Term
001 - CONTROL NUMBER
- control field: 516
003 - CONTROL NUMBER IDENTIFIER
- control field: NUST
005 - DATE AND TIME OF LATEST TRANSACTION
- control field: 20170511134611.0
008 - FIXED-LENGTH DATA ELEMENTS
- fixed length control field: 170511|| aca||aabn | a|a d
040 ## - CATALOGING SOURCE
- Original cataloging agency: NUST
- Transcribing agency: NUST
150 ## - HEADING--TOPICAL TERM
- Topical term or geographic name entry element: Chemistry
- General subdivision: Problems, exercises, etc.
670 ## - SOURCE DATA FOUND
- Source citation: Work cat.: (NUST)0: Goldberg, David E. (David Elliott), 1932- 515, Schaum's 3000 solved problems in chemistry /, c1988.
